000 00289nam a2200133Ia 4500
005 20251013221649.0
008 251010s9999 xx 000 0 und d
041 _aeng
100 _aHailey, H.
_9214248
245 _aWheels
250 _a1ST
260 _bMacmillan
_c1976
300 _a414
999 _c368527
_d368527